Zostavenie plánu BOZP pre vybrané pracovisko

Salvato in:
Dettagli Bibliografici
Autore principale: Ondriš, Filip (Autore)
Altri autori: Čekan, Pavol (Relatore della tesi)
Natura: Manoscritto Libro
Lingua:slovacco
Pubblicazione: 2019
Soggetti:
Accesso online:http://is.stuba.sk/zp/portal_zp.pl?podrobnosti=139529
Tags: Aggiungi Tag
Nessun Tag, puoi essere il primo ad aggiungerne!!

MARC

LEADER 00000ntm a22000003a 4500
001 stuzp74040
003 SK-STU
005 20190622211447.0
007 ta
008 150427s2015----xo-----f-mn---000-0-slo-d
040 |a STU  |b slo 
041 0 |a slo 
100 1 |a Ondriš, Filip  |u 065000  |4 aut  |U MTF Materiálovotechnologická fakulta  |T MTF Ústav integrovanej bezpečnosti  |X 88331  |U M5000  |Y 85  |7 88331 
242 0 1 |a Establishment of an OSH plan for a selected workplace  |y eng 
245 1 0 |a Zostavenie plánu BOZP pre vybrané pracovisko 
260 |c 2019 
650 4 |a plán BOZP  |2 slo 
650 4 |a stavenisko  |2 slo 
650 4 |a bezpečnosť  |2 slo 
650 4 |a bezpečnostný technik  |2 slo 
650 4 |a safety  |2 eng 
650 4 |a constructuon site  |2 eng 
650 4 |a OSH plan  |2 eng 
650 4 |a safety technician  |2 eng 
700 1 |a Čekan, Pavol  |u 065200  |k Z1  |4 ths  |U MTF Ústav integrovanej bezpečnosti  |T MTF Katedra bezpečnostného inžinierstva  |X 66185  |U M5200  |Y 192  |7 A000066185 
856 4 |u http://is.stuba.sk/zp/portal_zp.pl?podrobnosti=139529 
996 |c M* BP-8523  |l MMSKP  |s P  |a 0  |w stuzp74040_0001